Dẫn luận ngôn ngữ học
Đã lưu trong:
| 主要作者: | |
|---|---|
| 格式: | 圖書 |
| 語言: | Undetermined |
| 出版: |
Hà Nội
Giáo Dục
1998
|
| 主題: | |
| 標簽: |
添加標簽
沒有標簽, 成為第一個標記此記錄!
|
| Thư viện lưu trữ: | Trung tâm Học liệu Trường Đại học Cần Thơ |
|---|
| LEADER | 00654nam a2200193Ia 4500 | ||
|---|---|---|---|
| 001 | CTU_28311 | ||
| 008 | 210402s9999 xx 000 0 und d | ||
| 082 | |a 410 | ||
| 082 | |b Gi109 | ||
| 100 | |a Nguyễn, Thiện Giáp | ||
| 245 | 0 | |a Dẫn luận ngôn ngữ học | |
| 245 | 0 | |c Nguyễn Thiện Giáp, Nguyễn Minh Thuyết, Đoàn Thiện Thuật | |
| 260 | |a Hà Nội | ||
| 260 | |b Giáo Dục | ||
| 260 | |c 1998 | ||
| 526 | |a Từ pháp học tiếng Việt,Ngữ âm học tiếng Việt | ||
| 526 | |b SG296,SG294 | ||
| 650 | |a Linguistics | ||
| 980 | |a Trung tâm Học liệu Trường Đại học Cần Thơ | ||